| 000 | 00681nmm a2200277 a 4500 | ||
|---|---|---|---|
| 003 | AR-BaBNM | ||
| 005 | 20251128203206.0 | ||
| 008 | 117019s1945 ||||||||||||||000 | spa|| | ||
| 040 | _cAR-BaBNM | ||
| 100 | 1 | _aDickens, Charles | |
| 245 | 1 | 0 | _aDavid Copperfield |
| 250 | _a2ª ed. | ||
| 260 |
_aBuenos Aires _bAcme _c1945 |
||
| 300 | _a746 p. | ||
| 650 | 4 | _aESCRITORES | |
| 650 | 4 | _aLITERATURA INGLESA | |
| 650 | 4 | _aLITERATURA EXTRANJERA | |
| 650 | 4 | _aREALISMO | |
| 650 | 4 | _aSIGLO DIECINUEVE | |
| 653 | _aNARRATIVA | ||
| 653 | _aNOVELA REALISTA | ||
| 655 | _aLITERATURA | ||
| 700 | 1 |
_aBourguet de Ruiz, María Nélida _etraductor |
|
| 942 | _cBK | ||
| 998 | _cMARTIN | ||
| 999 |
_c2317 _d2317 |
||